| 000 | 00653cam a22002174a 4500 | ||
|---|---|---|---|
| 999 |
_c7430 _d7430 |
||
| 003 | OSt | ||
| 005 | 20211124105811.0 | ||
| 008 | 040510s2004 sp a 000 0dspa | ||
| 020 | _a8493353000 | ||
| 035 | _a(SP-BaPL)pu040062658 | ||
| 040 |
_aDLC _cCDMR _dDLC _bcat |
||
| 100 | 1 | _aRodríguez, Olga, | |
| 245 | 1 | 0 |
_aAquí Bagdad : _bcrónica de una guerra / _cOlga Rodríguez. |
| 260 |
_aMadrid : _bVelecío Editores, _c2004. |
||
| 300 |
_a312 pàgines : _bil. ; _c23 cm. |
||
| 490 | _aOtras vidas | ||
| 600 | 1 | 0 | _aRodríguez, Olga, |
| 650 | 0 |
_aGuerra d'Iraq, 2003-2011 _xRelats personals _93582 |
|
| 650 | 0 |
_aReportatges literaris _9797 |
|
| 942 |
_2udc _cMON |
||